Denník kocúra Atramenta 6 Moja lenivá čarodejnica mení imidž

Bibliographic Details
Main Author: Oram, Hiawyn, 1946- (Author)
Other Authors: Warburton, Sarah (Illustrator), Patkolová, Gabriela (Translator)
Format: Book
Language:Slovak
English
PhysicalDescription:93 s. ilustr. 18 cm
Published: Bratislava Slovart c2009
ISBN:9788080857721
Edition:[1. vyd.]
Subjects:

MARC

LEADER 00000cam a2200000 a 4500
001 vtls009965202
003 SK-MaSNL
005 20260301130914.0
008 240318s2009 xo a j 000 j slo
015 |a SNBA2010/01-00483 
020 |a 9788080857721  |q (brož.) 
040 |a SNK  |b slo  |c SNK  |e AACR2 
041 1 |a slo  |h eng 
044 |a xo  |c SK 
072 7 |a 821.111-3  |x Anglická próza, anglicky písaná  |2 konspekt 
072 7 |a 821-93  |x Literatúra pre deti a mládež  |2 konspekt 
080 |a 821.111-32  |2 2001 
080 |a 821-93  |2 2001 
100 1 |a Oram, Hiawyn,  |d 1946-  |4 aut  |9 317644 
240 1 0 |a Rumblewick's diary. My unwilling witch gets a makeover  |l Slovensky 
245 1 0 |a Denník kocúra Atramenta  |n 6  |p Moja lenivá čarodejnica mení imidž  |c Hiawyn Oram ; [ilustrácie] Sarah Warburton ; [z anglického originálu preložila Gabriela Patkolová] 
246 3 0 |a Moja lenivá čarodejnica mení imidž 
250 |a [1. vyd.] 
260 |a Bratislava  |b Slovart  |c c2009 
300 |a 93 s.  |b ilustr.  |c 18 cm 
655 7 |a publikácie pre deti  |2 SNKPH  |9 70148 
655 7 |a anglické príbehy  |2 SNKPH  |9 70612 
700 1 |a Warburton, Sarah  |4 ill  |9 317645 
700 1 |a Patkolová, Gabriela  |4 trl  |9 196826 
919 |a 978-80-8085-772-1 
958 |a LX 
958 |a UP 
958 |a DB 
968 |b ENG  |d 821 
999 |c 746179  |d 748109 
952 |a SNK  |b SNK  |y PREZ  |7 0  |p 17A0640134  |o snkSD 77834/6  |i snk2009/22625  |8 0  |0 0  |1 0  |4 0  |d 2009-12-17  |l 0  |r 2025-11-25 00:00:00  |w 2026-02-23 
952 |a SNK  |b SNK  |y VYP  |7 0  |p 17A0640133  |o snkSD 77834/6 D1  |i snk2009/22626  |8 0  |0 0  |1 0  |4 0  |d 2009-12-17  |l 0  |r 2017-06-30 00:00:00  |w 2026-02-23